<?xml version="1.0" encoding="UTF-8"?><?xml-stylesheet type="text/xsl" href="static/style.xsl"?><OAI-PMH xmlns="http://www.openarchives.org/OAI/2.0/" xmlns:xsi="http://www.w3.org/2001/XMLSchema-instance" xsi:schemaLocation="http://www.openarchives.org/OAI/2.0/ http://www.openarchives.org/OAI/2.0/OAI-PMH.xsd"><responseDate>2026-04-19T11:45:00Z</responseDate><request verb="GetRecord" identifier="oai:www.recercat.cat:20.500.14342/718" metadataPrefix="marc">https://recercat.cat/oai/request</request><GetRecord><record><header><identifier>oai:recercat.cat:20.500.14342/718</identifier><datestamp>2025-09-05T18:46:06Z</datestamp><setSpec>com_2072_482405</setSpec><setSpec>com_2072_183628</setSpec><setSpec>col_2072_482409</setSpec></header><metadata><record xmlns="http://www.loc.gov/MARC21/slim" xmlns:dcterms="http://purl.org/dc/terms/" xmlns:xsi="http://www.w3.org/2001/XMLSchema-instance" xmlns:doc="http://www.lyncode.com/xoai" xsi:schemaLocation="http://www.loc.gov/MARC21/slim http://www.loc.gov/standards/marcxml/schema/MARC21slim.xsd">
   <leader>00925njm 22002777a 4500</leader>
   <datafield ind2=" " ind1=" " tag="042">
      <subfield code="a">dc</subfield>
   </datafield>
   <datafield ind2=" " ind1=" " tag="720">
      <subfield code="a">Roqué Fíguls, Marta</subfield>
      <subfield code="e">author</subfield>
   </datafield>
   <datafield ind2=" " ind1=" " tag="720">
      <subfield code="a">Giné-Garriga, Maria</subfield>
      <subfield code="e">author</subfield>
   </datafield>
   <datafield ind2=" " ind1=" " tag="720">
      <subfield code="a">Granados Rugeles, Claudia</subfield>
      <subfield code="e">author</subfield>
   </datafield>
   <datafield ind2=" " ind1=" " tag="720">
      <subfield code="a">Perrotta, Carla</subfield>
      <subfield code="e">author</subfield>
   </datafield>
   <datafield ind2=" " ind1=" " tag="720">
      <subfield code="a">Vilaro, Jordi</subfield>
      <subfield code="e">author</subfield>
   </datafield>
   <datafield ind2=" " ind1=" " tag="260">
      <subfield code="c">2016</subfield>
   </datafield>
   <datafield ind2=" " ind1=" " tag="520">
      <subfield code="a">Background&#xd;
This Cochrane review was first published in 2005 and updated in 2007, 2012 and now 2015. Acute bronchiolitis is the leading cause of medical emergencies during winter in children younger than two years of age. Chest physiotherapy is sometimes used to assist infants in the clearance of secretions in order to decrease ventilatory effort.&#xd;
Objectives&#xd;
To determine the efficacy of chest physiotherapy in infants aged less than 24 months old with acute bronchiolitis. A secondary objective was to determine the efficacy of different techniques of chest physiotherapy (for example, vibration and percussion and passive forced exhalation).&#xd;
Search methods&#xd;
We searched CENTRAL (2015, Issue 9) (accessed 8 July 2015), MEDLINE (1966 to July 2015), MEDLINE in-process and other&#xd;
non-indexed citations (July 2015), EMBASE (1990 to July 2015), CINAHL (1982 to July 2015), LILACS (1985 to July 2015), Web&#xd;
of Science (1985 to July 2015) and Pedro (1929 to July 2015).&#xd;
Selection criteria&#xd;
Randomised controlled trials (RCTs) in which chest physiotherapy was compared against no intervention or against another type of physiotherapy in bronchiolitis patients younger than 24 months of age.&#xd;
Data collection and analysis&#xd;
Two review authors independently extracted data. Primary outcomes were change in the severity status of bronchiolitis and time&#xd;
to recovery. Secondary outcomes were respiratory parameters, duration of oxygen supplementation, length of hospital stay, use of&#xd;
bronchodilators and steroids, adverse events and parents’ impression of physiotherapy benefit. No pooling of data was possible.</subfield>
   </datafield>
   <datafield ind1="8" ind2=" " tag="024">
      <subfield code="a">http://hdl.handle.net/20.500.14342/718</subfield>
   </datafield>
   <datafield ind1="8" ind2=" " tag="024">
      <subfield code="a">https://doi.org/10.1002/14651858.CD004873.pub5.</subfield>
   </datafield>
   <datafield tag="653" ind2=" " ind1=" ">
      <subfield code="a">Fisioteràpia per a infants</subfield>
   </datafield>
   <datafield tag="653" ind2=" " ind1=" ">
      <subfield code="a">Aparell respiratori -- Malalties -- Fisioteràpia</subfield>
   </datafield>
   <datafield tag="653" ind2=" " ind1=" ">
      <subfield code="a">Infants nadons</subfield>
   </datafield>
   <datafield tag="653" ind2=" " ind1=" ">
      <subfield code="a">Bronquitis</subfield>
   </datafield>
   <datafield ind2="0" ind1="0" tag="245">
      <subfield code="a">Chest physiotherapy for acute bronchiolitis in paediatric patients between 0 and 24 months old (Review)</subfield>
   </datafield>
</record></metadata></record></GetRecord></OAI-PMH>